000 00806nam a2200265Ia 4500
003 OSt
005 20220928125412.0
006 a|||||r|||| 00| 0
007 ta
008 220927b |||||||| |||| 00| 0 eng d
020 _c3997.7469999999998
024 _a109162
037 _b637, 25/08/2010, Insat Books and Periodicals
_cTextual
040 _aSDCL
_cSDCL
_beng
041 _2eng
_aeng
082 _aX:86, Q0
100 _aKerzner Harold
_9456100
245 0 _aProject management best practices
_b Achieving global excellence.
250 _a2
260 _aNew Jersey
_bJohn Wiley
_c2010
300 _axvii,684p
_ccm.
650 _aFinancial Studies
942 _hX:86, Q0
_cTEXL
_2CC
999 _c782127
_d782127